logo

Bir Sreshtho Munshi Abdur Rouf Library
Jhenaidah Cadet College

ইশকুলের গল্প / (Record no. 13311)

MARC details
000 -LEADER
fixed length control field 00768nam a2200229 a 4500
001 - CONTROL NUMBER
JCCL Control Number 13311
003 - CONTROL NUMBER IDENTIFIER
JCCL marc code BD-JhCC
005 - DATE AND TIME OF LATEST TRANSACTION
control field 20230827114425.0
008 - FIXED-LENGTH DATA ELEMENTS--GENERAL INFORMATION
fixed length control field 230827s2017 b a|||| |||| 000 0 be d
020 ## - INTERNATIONAL STANDARD BOOK NUMBER
International Standard Book Number 9789849042105
035 ## - SYSTEM CONTROL NUMBER
system control number (BD-JhCC)13311
040 ## - CATALOGING SOURCE
Original cataloging agency BD-JhCC
Modifying agency BD-JhCC
041 ## - LANGUAGE CODE
Language code of Book eng
082 ## - DEWEY DECIMAL CLASSIFICATION NUMBER
Classification number 891.4435
Author mark and Year ISK 2017
245 ## - TITLE STATEMENT
Title ইশকুলের গল্প /
Remainder of title জামসেদ ওয়াজেদ সম্পাদিত
260 ## - PUBLICATION, DISTRIBUTION, ETC. (IMPRINT)
Place of publication, distribution, etc ঢাকা :
Name of publisher, distributor, etc শিলা প্রকাশনী,
Date of publication, distribution, etc ২০১৭
300 ## - PHYSICAL DESCRIPTION
Pagination ১৬০ পৃ. :
Other physical details চিত্রবলী;
Dimensions ২৩ সেমি.
650 ## - SUBJECT ADDED ENTRY--TOPICAL TERM
Topical term or geographic name as entry element Children stories
650 ## - SUBJECT ADDED ENTRY--TOPICAL TERM
Topical term or geographic name as entry element Juvenile Literature
700 ## - ADDED ENTRY--PERSONAL NAME
Personal name ওয়াজেদ, জামসেদ
942 ## - ADDED ENTRY ELEMENTS (KOHA)
Source of classification or shelving scheme Dewey Decimal Classification
Koha item type Books
Holdings
Source of classification or shelving scheme Damaged status Not for loan Home library Current library Shelving location Date of accession Cost, normal purchase price Total Checkouts Full call number Barcode Date last seen Date checked out Copy number Method of acquisition Koha item type Currency
Dewey Decimal Classification     JCC Rouf Library JCC Rouf Library General Stacks 06/23/2023 300.00 1 891.4435 ISK 2017 18208 07/24/2024 07/24/2024 C-1 Purchase Books BDT

JCC Library | Contacts | JCC Home

Last Update on 23 September 2017
Copyright @ 2017-2020 JCC Rouf Library
Rouf Library, Jhenidah Cadet College (JCC), Bangladesh